|
|
|
|
| LEADER |
00908nom a2200229 u 4500 |
| 001 |
10006304 |
| 003 |
upatras |
| 005 |
20210117203846.0 |
| 008 |
881025s eng |
| 040 |
|
|
|a GR-PaULI
|c GR-PaULI
|
| 041 |
0 |
|
|a eng
|
| 100 |
1 |
|
|a Morse, Stephen A.
|9 116989
|
| 245 |
1 |
0 |
|a CD atlas of sexually transmitted diseases and AIDS [οπτικός δίσκος]
|c Stephen A. Morse, Adele A. Moreland, King K. Holmes...[et al.]
|
| 260 |
|
|
|a London
|b Mosby International
|
| 300 |
|
|
|a 1 compact disc
|c 4 3/4 in.
|e 1 φυλλάδιο
|
| 650 |
|
4 |
|a Ιατρική
|x Ασθένειες
|9 5203
|
| 700 |
1 |
|
|a Holmes, King K.
|9 31407
|
| 700 |
1 |
|
|a Moreland, Adele A.
|9 116990
|
| 852 |
|
|
|a GR-PaULI
|b ΠΑΤΡΑ
|b ΙΑΤΡΙΚΗ
|k ΟΧΙΔ
|h CD M
|m 28512
|t 1
|
| 942 |
|
|
|2 ddc
|c BKN
|
| 952 |
|
|
|0 0
|1 0
|4 0
|6 CD_M
|7 0
|9 127948
|a MEDI
|b MEDI
|d 2016-04-24
|i 28512
|l 0
|o CD M
|r 2016-04-24 00:00:00
|t 1
|w 2016-04-24
|y BKN
|
| 999 |
|
|
|c 83854
|d 83854
|